00389 a2200133 450000500170000002000180001708200170003510000200005224500440007225000110011626000260012730000670015370000350022020250613082415.0 a0-534-39186-9 a658.4,033KEL aWARRACK. KELLER aStatistics For Management And Economics a6th Ed aUSAbNew York,c2003. axxii, 623p, ill, table, figure, picturebAppendix, Indexc26cm aGERALD. KELLER & BRIAN WARRACK